• 首页
  • 本馆介绍
  • 公告通知
  • 最新文献
  • 馆藏检索
  • 电子资源
  • 读者导购
  • 参考咨询
  • 我的图书馆
  • 登录
  • 详细信息显示
  • 放入我的书架
  • 预约/预借图书
  • 作者相关作品
  • 分类相关作品
  • 丛书相关作品
  • 出版社相关作品

书目信息

  • 表格格式
  • 工作单格式
  • 卡片格式
题名:
阿多诺
    
 
作者: 库克 编 ;唐文娟 译
分册:  
出版信息: 重庆   重庆大学出版社  2017
页数: 10,269页
开本: 22cm
丛书名: 思想家和思想导读丛书
单 册:
中图分类: B516.59
科图分类:
主题词:
电子资源:
ISBN: 978-7-5689-0469-8
000 01191oam2 2200277 450
001 440
005 20180520214249.42
010    @a978-7-5689-0469-8@dCNY42.00
100    @a20170524d2017 em y0chiy50 ea
101 1  @achi@ceng
102    @aCN@b500000
105    @ay z 001yy
200 1  @a阿多诺@9a duo nuo@e关键概念@dTheodor Adorno@ekey concepts@zeng@f黛博拉·库克(Deborah Cook)编@g唐文娟译
210    @a重庆@c重庆大学出版社@d2017
215    @a10,269页@d22cm
225 1  @a思想家和思想导读丛书
305    @a本书中文简体翻译版授权由重庆大学出版社独家出版
330    @a本书是一本运用关键词的形式梳理法兰克福学派早期代表人物西奥多·阿多诺思想的学术导读书。编者德博拉·库克,给出了阿多诺的几个关键概念,并汇集了各个领域的专家针对这些概念所写的介绍性文章。在此,读者能看到不同观点和思想的碰撞和交锋。是一本很有参考价值的二手文献。
461  0 @12001 @a思想家和思想导读丛书
510 1  @aTheodor Adorno@ekey concepts@zeng
600  0 @a阿多诺@c(Adorno, Theodor Wiesengrund@f1903-1969)@x哲学思想@x思想评论
690    @aB516.59@v5
701  0 @a库克@9ku ke@c(Cook, Deborah)@4编
702  0 @a唐文娟@9tang wen juan@4译
801  0 @aCN@b91MARC@c20170524
905    @aMuseLib@dB516.59@e201
    
    阿多诺:关键概念=Theodor Adorno:key concepts/黛博拉·库克(Deborah Cook)编/唐文娟译.-重庆:重庆大学出版社,2017
    10,269页;22cm.-(思想家和思想导读丛书)
    
    
    ISBN 978-7-5689-0469-8:CNY42.00
    本书是一本运用关键词的形式梳理法兰克福学派早期代表人物西奥多·阿多诺思想的学术导读书。编者德博拉·库克,给出了阿多诺的几个关键概念,并汇集了各个领域的专家针对这些概念所写的介绍性文章。在此,读者能看到不同观点和思想的碰撞和交锋。是一本很有参考价值的二手文献。
●
相关链接 在E读中查询图书 在五车中查询图书 在当当中查询图书 在豆瓣中查询图书


正题名:阿多诺     索取号:B516.59/201         预约/预借

序号 登录号 条形码 馆藏地/架位号 状态 备注
1 1102578   211025781   第一样本阅览室/ [索取号:B516.59/201] 在馆    
2 1102579   211025790   教育系资料室/ [索取号:B516.59/201] 在馆    
3 1102580   211025807   教育系资料室/ [索取号:B516.59/201] 在馆    
4 1102581   211025816   教育系资料室/ [索取号:B516.59/201] 在馆    
5 1102582   211025825   第一借阅区/ [索取号:B516.59/201] 在馆    
6 1102583   211025834   第一借阅区/ [索取号:B516.59/201] 在馆    
唐山师范学院图书馆 欢迎您!
大连网信软件有限公司© 版权所有